Rekonstruktivnaja tomatografija v gazodinamike i fizike plazmy /

Na minha lista:
Detalhes bibliográficos
Main Authors: Pikalov, Valerij Vladimirovič (Author), Preobraženskij, Nikolaj Georgijevič (Author)
Formato: Livro
Publicado em: Novosibirsk : Nauka, 1987
Tags: Adicionar Tag
Sem tags, seja o primeiro a adicionar uma tag!

MARC

LEADER 00000nam a22000003a 4500
001 stu14355
005 20150617225759.9
008 ------s1987----xxr---------------------d
040 |a STU  |b slo 
041 0
044 |a xxr 
080 |a 533.9 
100 1 |a Pikalov, Valerij Vladimirovič  |4 aut 
245 1 |a Rekonstruktivnaja tomatografija v gazodinamike i fizike plazmy /  |c [aut.]Pikalov,Valerij Vladimirovič, Preobraženskij,Nikolaj Georgijevič 
260 |a Novosibirsk :  |b Nauka,  |c 1987 
300 |a 228 s :  |b Grafy,lit 
700 1 |a Preobraženskij, Nikolaj Georgijevič  |4 aut 
996 |b C83272  |c C*83272  |l CCXXIVB  |s P  |a 0  |w stu14355_0001